000 00383nam a2200145 4500
001 131193
003 ES-MaACL
007 t|
008 070214s1917 xxk r ||||1| eng d
100 1 _aRobinson, C. E.
_997879
245 1 4 _aThe days of Alkybiades /
_cC. E. Robinson.
260 _aLondon :
_bArnold,
_c1917.
300 _aXIII, 301 p. ;
_c19 x 13 cm.
852 _aES-MaACL
_jC-985
999 _c131193
_d131193